Asset pricing

Αποθηκεύτηκε σε:
Λεπτομέρειες βιβλιογραφικής εγγραφής
Κύριος συγγραφέας: Cochrane, John H. (John Howland)
Μορφή: Βιβλίο
Γλώσσα:English
Δημοσίευση: Princeton, N. J. : Princeton University Press, 2005, c2001
Έκδοση:Rev. ed.
Θέματα:
Ετικέτες: Προσθήκη ετικέτας
Δεν υπάρχουν, Καταχωρήστε ετικέτα πρώτοι!

MARC

LEADER 00000nam a2200000 i 4500
001 1/76339
008 080229s2005 eng d
020 |a 978-0-691-12137-6 
020 |a 0-691-12137-0 
035 |l 10095155 
040 |a GR-MY-UA  |b gre  |e aacr 
041 0 |a eng 
082 0 |a 332.6  |2 (22) 
100 1 |a Cochrane, John H.  |q (John Howland) 
245 1 0 |a Asset pricing /  |c John H. Cochrane 
250 |a Rev. ed. 
260 |a Princeton, N. J. :   |b Princeton University Press,   |c 2005, c2001 
300 |a xvii, 533 σ.;  |b εικ.;  |c 24 εκ. 
504 |a Περιέχει βιβλιογραφικές παραπομπές (σ.497-511) και ευρετήριο 
650 0 0 |a Capital assets pricing model. 
650 0 0 |a Securities. 
852 |a INST  |b SAMOS  |e 20080229  |h 332.6 COC  |p 005300026740  |q 005300026740  |t BK  |y 0 
901 |a BIBL3-2008-1 
909 |a Σ  |b 140530 
922 |a 3ΕΛΗ  |b 200711  |c ΕΠΕΑΕΚ2/ΤΣΑΕ  |d ΕΛΕΥΘΕΡΟΥΔΑΚΗΣ 
970 |a ΚΟΣΙΕΡΗΣ  |b ΧΡΗΣΤΟΣ  |z 2008/02/29